|
|
|
|
| LEADER |
02005nam a2200325 a 4500 |
| 001 |
37280 |
| 003 |
BD-DhAAL |
| 005 |
20211111115543.0 |
| 008 |
210204t2019 enka|||| |||| 001 0 eng d |
| 999 |
|
|
|c 41958
|d 41958
|
| 020 |
|
|
|a 9781789136432
|
| 040 |
|
|
|a BD-DhAAL
|
| 082 |
|
|
|a 006.3843
|2 23
|
| 100 |
|
|
|a Moran, Christine Corbett,
|e author.
|9 40853
|
| 245 |
|
|
|a Mastering Quantum Computing with IBM QX :
|b explore the world of quantum computing using the quantum composer and qiskit /
|c Dr. Christine Corbett Moran.
|
| 246 |
|
|
|a Quantum computing with IBM QX
|
| 246 |
|
|
|a Explore the world of quantum computing using the quantum composer and qiskit
|
| 260 |
|
|
|a Birmingham, UK :
|b Packt Publishing Limited,
|c c2019.
|
| 300 |
|
|
|a vii, 293 pages :
|b illustrations ;
|c 23 cm
|
| 500 |
|
|
|a Includes index.
|
| 526 |
|
|
|a CSE
|
| 541 |
|
|
|a Hye Trade International
|e 37280, 37281, 37282, 37283
|
| 650 |
|
|
|a Quantum computing.
|9 40854
|
| 650 |
|
|
|a Computer science.
|9 42562
|
| 852 |
|
|
|a Ayesha Abed Library
|c General Stacks
|
| 942 |
|
|
|2 ddc
|c BK
|
| 952 |
|
|
|0 0
|1 0
|2 ddc
|4 0
|6 006_384300000000000_MOR
|7 0
|9 68225
|a BRACUL
|b BRACUL
|c GEN
|d 2020-11-03
|e Hye Trade International
|g 4144.00
|l 2
|m 34
|o 006.3843 MOR
|p 3010037281
|r 2024-11-17
|s 2024-02-14
|t 2
|v 4144.00
|w 2020-11-03
|y BK
|x Received During Pandemic
|
| 952 |
|
|
|0 0
|1 0
|2 ddc
|4 0
|6 006_384300000000000_MOR
|7 0
|9 68226
|a BRACUL
|b BRACUL
|c GEN
|d 2020-11-03
|e Hye Trade International
|g 4144.00
|l 1
|m 16
|o 006.3843 MOR
|p 3010037280
|r 2025-09-19
|s 2025-05-25
|t 1
|v 4144.00
|w 2020-11-03
|y BK
|x Received During Pandemic
|
| 952 |
|
|
|0 0
|1 0
|2 ddc
|4 0
|6 006_384300000000000_MOR
|7 0
|9 69214
|a BRACUL
|b BRACUL
|c GEN
|d 2020-12-09
|e Hye Trade International
|g 4144.00
|l 5
|m 19
|o 006.3843 MOR
|p 3010037283
|r 2025-09-20
|s 2025-08-27
|t 4
|v 4144.00
|w 2020-12-09
|y BK
|x Received during COVID-19 pandemic
|
| 952 |
|
|
|0 0
|1 0
|2 ddc
|4 0
|6 006_384300000000000_MOR
|7 0
|9 69215
|a BRACUL
|b BRACUL
|c GEN
|d 2020-12-09
|e 44
|g 4144.00
|l 3
|m 4
|o 006.3843 MOR
|p 3010037282
|q 2026-05-21
|r 2026-04-30
|s 2026-04-30
|t 3
|v 4144.00
|w 2020-12-09
|y BK
|x Received during COVID-19 pandemic
|